Coral's Premier Book of 108 Comprehensive Essays / (Record no. 196759)

MARC details
000 -LEADER
fixed length control field 00592nam a22001817a 4500
005 - DATE AND TIME OF LATEST TRANSACTION
control field 20231204172223.0
010 ## - LCCN (DPL NO)
LC control number ENG-137584
020 ## - INTERNATIONAL STANDARD BOOK NUMBER
Terms of availability 150.00
International Standard Book Number 9789387234932
035 ## - SYSTEM CONTROL NUMBER
System control number EN-121116
037 ## - SOURCE OF ACQUISITION
Stock number DBAD/PUB
082 ## - DEWEY DECIMAL CLASSIFICATION NUMBER
Classification number 884
245 ## - TITLE STATEMENT
Title Coral's Premier Book of 108 Comprehensive Essays /
Statement of responsibility, etc By Shrinivasan,S.
260 ## - PUBLICATION, DISTRIBUTION, ETC. (IMPRINT)
Place of publication, distribution, etc Chennai
Name of publisher, distributor, etc Coral publishers & DIstributors
Date of publication, distribution, etc 2019
270 ## - ADDRESS
Address 8.6th Cross, 8th Main Road, Vaishnavi Nagar, Thirumullaivoyal, Chennai- 600109
300 ## - PHYSICAL DESCRIPTION
Extent 192p.
Dimensions 21cm(pbk)
700 ## - ADDED ENTRY--PERSONAL NAME
Personal name Shrinivasan,S.
9 (RLIN) 59498
942 ## - ADDED ENTRY ELEMENTS (KOHA)
Source of classification or shelving scheme Dewey Decimal Classification
Item type English Books
Classification part 884
Call number suffix COR
Holdings
Withdrawn status Lost status Not for loan Collection code Home library Current library Date acquired Source of acquisition Cost, normal purchase price Full call number Barcode Copy number Cost, replacement price Koha item type
    Not For Loan Non-fiction D.B.Act.Division D.B.Act.Division 25/07/2023 DBAD/PUB 150.00 884 COR EN-121116 1 150.00 English Books

© Delhi Public Library
Hit Counter
free hit counter